JR東日本E331系駅名対照表クイズ - Statistics

General Stats
  • This quiz has been taken 25 times
  • The average score is 27 of 39
Answer Stats
番号 % Correct
01 回送
100%
08 東京
100%
11 海浜幕張
100%
13 蘇我
100%
32 千葉
100%
02 試運転
95%
03 臨時
95%
38 木更津
95%
07 西船橋
90%
09 南船橋
90%
10 新習志野
90%
12 千葉みなと
90%
35 上総一ノ宮
90%
39 君津
90%
04 団体
86%
29 成東
81%
36 勝浦
81%
30 東金
76%
33 誉田
76%
24 通勤快速東京
71%
31 大網
71%
34 茂原
71%
40 上総湊
71%
14 快速東京
67%
15 快速海浜幕張
67%
17 快速蘇我
67%
16 快速千葉みなと
62%
37 姉ケ崎
62%
06 京葉線
43%
21 快速上総一ノ宮(外房線直通)
33%
22 快速勝浦(外房線直通)
33%
26 通勤快速上総一ノ宮(外房線直通)
33%
27 通勤快速勝浦(外房線直通)
33%
18 快速誉田(外房線直通)
29%
19 快速大網(外房線直通)
29%
20 快速成東(東金線直通)
29%
23 快速君津(内房線直通)
29%
25 通勤快速成東(東金線直通)
29%
28 通勤快速君津(内房線直通)
24%
No matching quizzes found
Score Distribution
Percent of People with Each Score
Percentile by Number Answered
Your Score History
You have not taken this quiz